000 00369nam a2200145Ia 4500
008 150201s1993 xx 000 0 und d
082 _a617.525
_bK 1993P
100 _aPETER BANKS
245 _aKILLEYS FRACTURES OF THE MANDIBLE
250 _a4TH
260 _bVARGHEESE PUBLISHING HOUSE
_aBOMBAY
_c1993
300 _a1-149
650 _aORAL SURGERY
942 _2ddc
_cBK
999 _c2700
_d2700